Central Library, Doon University
WEBOPAC (ONLINE PUBLIC ACCESS CATALOGUE)

Fisheries Ecology (Record no. 60467)

MARC details
000 -LEADER
fixed length control field 00439nam a22001817a 4500
005 - DATE & TIME
control field 20260226124447.0
008 - FIXED-LENGTH DATA ELEMENTS--GENERAL INFORMATION
fixed length control field 260226b |||||||| |||| 00| 0 eng d
020 ## - ISBN
International Standard Book Number 9788184113365
Price 995.00
040 ## - CATALOGING SOURCE
Original cataloging agency Doon University
041 ## - Language
Language English
082 ## - DDC NUMBER
Classification number 577
Book Number MAH
100 ## - MAIN ENTRY--PERSONAL NAME
Personal name Maheswari, Kamal
245 ## - TITLE STATEMENT
Title Fisheries Ecology
260 ## - PUBLICATION, DISTRIBUTION, ETC. (IMPRINT)
Place of publication, distribution, etc New Delhi
Name of publisher, distributor, etc Sonali
Date of publication, distribution, etc 2025
300 ## - PHYSICAL DESCRIPTION
Pages 304
650 ## - Subject
Subject Environment Science
942 ## - ADDED ENTRY ELEMENTS (KOHA)
Koha item type Books
100 ## - MAIN ENTRY--PERSONAL NAME
-- 26422
650 ## - Subject
-- 310
952 ## - LOCATION AND ITEM INFORMATION (KOHA)
-- 2026-02-26
952 ## - LOCATION AND ITEM INFORMATION (KOHA)
-- 2026-02-26
Holdings
Withdrawn status Lost status Source of classification or shelving scheme Damaged status Not for loan Location (home branch) Sublocation or collection (holding branch) Date acquired Koha full call number Accession No. Koha date last seen Koha item type Koha issues (times borrowed)
        Not For Loan Doon University Doon University 26.02.2026 577 MAH 53146 26.02.2026 Reference  
          Doon University Doon University 26.02.2026 577 MAH 53147 26.02.2026 Books  
Contact : +91-135-2533126 (Library),+91-135-2533105 (Admin Office) , Email : doonlibrary@gmail.com

Powered by Koha